000
00293nam a2200145Ia 4500
100
_a
Belford/G.G/ Liu/C.L
942
_c
BK
654
_a
Pascal
245
_a
Pascal
260
_b
McGraw Hill
_a
New York
_c
1986
082
_a
1.6
_b
Bel/Liu
300
_a
333
546
_a
ENGLISH
999
_c
24330
_d
24330